01182nam a2200193Ia 4500001001100000003001000011008004100021040002500062041001300087100004400100245004800144250001100192260008200203300002700285500026400312501011400576520026400690650003400954L240-12998IT-CnALBA170116s9999||||xx |||||||||||||| ||und|| aIT-CnALBAcIT-CnALBA aITALIANO aVIVES Y TUTO GIUS. CALASANZ., CARDINALE 0aCAVE, IGNOSCAS... LETTERA AD UN SACERDOTE.  a4a ed. aMANTOVA - MILANObBUONA ST., PRO FAM. COEDITORI MN, MI'c1928 [1° Ed.: n.d.] a158 p. (prefazione: 5) aTRADUZIONE DALLO SPAGNOLO DI A. M. MISTRANGELO, CARDINALE. TIMORI. VITA SANTA. ONESTÀ SACERDOTALE. OCCASIONI. MORTIFICAZIONE. CONVERSAZIONI. FAMILIARITÀ. SOSPETTI. PRUDENZA. BREVITA'. AFFEZIONI. MALIZIA. IPOCRISIA. LETTERE FOTOGRAFIE. COMMISSIONI. REGALI. aSocietà San Paolo EM - Piazza San Paolo, 14 - 12051 ALBA (CN) (non commercial uses only) ® Copyright 2017 aTRADUZIONE DALLO SPAGNOLO DI A. M. MISTRANGELO, CARDINALE. TIMORI. VITA SANTA. ONESTÀ SACERDOTALE. OCCASIONI. MORTIFICAZIONE. CONVERSAZIONI. FAMILIARITÀ. SOSPETTI. PRUDENZA. BREVITA'. AFFEZIONI. MALIZIA. IPOCRISIA. LETTERE FOTOGRAFIE. COMMISSIONI. REGALI. aTEOLOGIA SPIRITUALE CRISTIANA